Efficiency of winnower machine assembled in department of agriculture engineering, ប្រសិទ្ធភាពម៉ាស៊ីនបក់ស្រូវ តម្លើងដោយនាយកដ្ឋានគ្រឿងយន្តកសិកម្ម (Record no. 7822)
[ view plain ]
| 000 -LEADER | |
|---|---|
| fixed length control field | 00552nam a22001337a 4500 |
| 003 - CONTROL NUMBER IDENTIFIER | |
| control field | OSt |
| 005 - DATE AND TIME OF LATEST TRANSACTION | |
| control field | 20160325085346.0 |
| 008 - FIXED-LENGTH DATA ELEMENTS--GENERAL INFORMATION | |
| fixed length control field | 160325b xxu||||| |||| 00| 0 eng d |
| 040 ## - CATALOGING SOURCE | |
| Transcribing agency | RUA |
| 082 ## - DEWEY DECIMAL CLASSIFICATION NUMBER | |
| Classification number | ATM KAN 2011 B472 Or.1 |
| 245 ## - TITLE STATEMENT | |
| Title | Efficiency of winnower machine assembled in department of agriculture engineering, ប្រសិទ្ធភាពម៉ាស៊ីនបក់ស្រូវ តម្លើងដោយនាយកដ្ឋានគ្រឿងយន្តកសិកម្ម |
| 300 ## - PHYSICAL DESCRIPTION | |
| Extent | x,49p. |
| Other physical details | ill. |
| Dimensions | 29cm. |
| 942 ## - ADDED ENTRY ELEMENTS (KOHA) | |
| Source of classification or shelving scheme | |
| Koha item type | ATM |
| Price effective from | Date last seen | Permanent Location | Not for loan | Date acquired | Source of classification or shelving scheme | Koha item type | Lost status | Withdrawn status | Date last checked out | Total Checkouts | Shelving location | Damaged status | Barcode | Current Location | Full call number |
|---|---|---|---|---|---|---|---|---|---|---|---|---|---|---|---|
| 2016-03-25 | 2018-02-09 | Library Block B | 2016-03-25 | ATM | 2018-01-19 | 4 | B472 | RUA058147 | Library Block B | ATM KAN 2011 B472 Or.1 |